| 000 | 00686nam a22002057a 4500 | ||
|---|---|---|---|
| 999 |
_c16058 _d16058 |
||
| 003 | AR-CdUCM | ||
| 008 | 190430b ||||| |||| 00| 0 spa d | ||
| 040 |
_aMUNICIPALIDAD PROVINCIAL DEL CUSCO _cBIBLIOTECA MUNICIPAL DEL CUSCO |
||
| 082 |
_a153.42 / _bM43 |
||
| 100 |
_aMerani, Alberto L. _920517 |
||
| 245 | _aLa génesis del pensamiento / | ||
| 260 |
_aMéxico : _bGrijalbo, _c1971. |
||
| 300 |
_a160 paginas ; _c19 cm. |
||
| 440 |
_aColección 70 _92202 |
||
| 505 | _aContenido :La génesis Biológica --La génesis social y técnica --La génesis intelectual / | ||
| 650 |
_aPensamiento _9461 |
||
| 650 |
_aPsicologia _91538 |
||
| 942 |
_2ddc _cLIBROS |
||
| 945 |
_arjall _d2014-04-30 |
||